000
00268nam a2200109Ia 4500
008
220204s9999 xx 000 0 und d
082
_a
82-3
_b
SHE
100
_a
Sheldon, Sidney
245
4
_a
The Other side of midnight
260
_a
Madras
_b
macmillan
_c
1978
942
_c
BK
999
_c
31457
_d
31457